[Event "Lagoas op 4th"]
[Site "Lagoas"]
[Date "2019.09.29"]
[Round "4"]
[White "Felicio, Leonardo Demetrio"]
[Black "Farias, Jose Nogueira de"]
[Result "1/2-1/2"]
[WhiteElo "1903"]
[BlackElo "1850"]
[PlyCount "24"]
[EventDate "2019.09.27"]
[EventType "swiss"]
[EventRounds "5"]
[EventCountry "BRA"]
[SourceTitle "EXT 2020"]
[Source "ChessBase"]
[SourceDate "2019.10.17"]
[SourceVersion "1"]
[SourceVersionDate "2019.10.17"]
[SourceQuality "1"]

1. e4 e5 2. Nf3 Nf6 3. Nxe5 d6 4. Nf3 Nxe4 5. d3 Nf6 6. Be2 Be7 7. 0-0 0-0 8. Re1 Nc6 9. Bf4 Re8 10. Nc3 h6 11. h3 a6 12. a3 d5 1/2-1/2

[Event "Lagoas op 4th"]
[Site "Lagoas"]
[Date "2019.09.28"]
[Round "2"]
[White "Farias, Jose Nogueira de"]
[Black "Lopes, Marcelo Ferreira"]
[Result "1/2-1/2"]
[WhiteElo "1850"]
[BlackElo "1970"]
[PlyCount "74"]
[EventDate "2019.09.27"]
[EventType "swiss"]
[EventRounds "5"]
[EventCountry "BRA"]
[SourceTitle "EXT 2020"]
[Source "ChessBase"]
[SourceDate "2019.10.17"]
[SourceVersion "1"]
[SourceVersionDate "2019.10.17"]
[SourceQuality "1"]

1. d4 d5 2. c4 e6 3. cxd5 exd5 4. Nc3 Nf6 5. Bg5 Be7 6. Nf3 c6 7. e3 Bf5 8. Qb3 Qb6 9. Nd2 Nbd7 10. Be2 0-0 11. 0-0 Rfe8 12. Rac1 Bd6 13. h3 h6 14. Bxf6 Nxf6 15. Na4 Qc7 16. Bd3 Bxd3 17. Qxd3 Qe7 18. Nc3 Bc7 19. Rfe1 Qd6 20. Nf1 g6 21. Qc2 Kg7 22. Nb5 Qd7 23. Nxc7 Qxc7 24. Nd2 Ne4 25. Nxe4 Rxe4 26. Qc3 Rae8 27. Qc5 a6 28. Qxd5 cxd5 29. Rxc7 Rxd4 30. Rxb7 Rd2 31. Rc1 Re6 32. Rcc7 Rf6 33. f3 g5 34. a4 Kg6 35. b4 Re6 36. Re7 Rc6 37. Rbc7 Rb6 1/2-1/2

[Event "Sulmatogrosso-ch"]
[Site "Campo Grande"]
[Date "2017.12.08"]
[Round "1"]
[White "De Souza, Robson Luiz"]
[Black "Farias, Jose Nogueira de"]
[Result "1-0"]
[WhiteElo "1975"]
[BlackElo "1862"]
[PlyCount "75"]
[EventDate "2017.12.08"]
[EventType "tourn"]
[EventRounds "7"]
[EventCountry "BRA"]
[SourceTitle "EXT 2022"]
[Source "ChessBase"]
[SourceDate "2021.10.06"]
[SourceVersion "1"]
[SourceVersionDate "2021.10.06"]
[SourceQuality "1"]

1. d4 d5 2. Nf3 c5 3. g3 Nc6 4. Bg2 Nf6 5. 0-0 Bg4 6. c3 e6 7. b3 cxd4 8. cxd4 Be7 9. Bb2 0-0 10. Nbd2 Rc8 11. a3 Qb6 12. e3 Ne4 13. b4 a5 14. h3 Nxd2 15. Qxd2 Bxf3 16. Bxf3 axb4 17. axb4 Bxb4 18. Qe2 Na5 19. Ba3 Bxa3 20. Rxa3 Nc4 21. Raa1 Rc7 22. Rfb1 Qd6 23. Rb3 Rfc8 24. Qd3 g6 25. Rab1 b6 26. h4 Ra7 27. Be2 Ra2 28. Rb4 Rd2 29. Rxc4 dxc4 30. Qxd2 c3 31. Qc2 Qc6 32. Bd3 Rb8 33. Rb3 Rc8 34. Be4 Qc7 35. Rb4 Qd6 36. Rb3 Qc7 37. Bd3 f5 38. Ba6 1-0

[Event "Corumba Rodrigues de Souza Memorial 1st"]
[Site "Corumba"]
[Date "2017.12.02"]
[Round "2.3"]
[White "De Souza, Paulo Jose"]
[Black "Farias, Jose Nogueira de"]
[Result "0-1"]
[WhiteElo "1800"]
[BlackElo "1862"]
[PlyCount "62"]
[EventDate "2017.12.01"]
[EventType "tourn"]
[EventRounds "5"]
[EventCountry "BRA"]
[SourceTitle "EXT 2022"]
[Source "ChessBase"]
[SourceDate "2021.10.06"]
[SourceVersion "1"]
[SourceVersionDate "2021.10.06"]
[SourceQuality "1"]

1. e4 d5 2. exd5 Qxd5 3. Nc3 Qa5 4. d4 c6 5. Bd2 Qc7 6. Nf3 Nf6 7. Bd3 Bg4 8. 0-0 e6 9. Ne4 Nbd7 10. b4 Nxe4 11. Bxe4 Nf6 12. Re1 Rd8 13. Bg5 Bxb4 14. Re3 Be7 15. c4 Nxe4 16. Rxe4 Bxf3 17. Qxf3 Bxg5 18. d5 cxd5 19. cxd5 Rxd5 20. Qg4 Qd7 21. f4 Bf6 22. f5 Bxa1 23. fxe6 Rd1+ 24. Kf2 Qd2+ 25. Re2 Qd4+ 26. Qxd4 Bxd4+ 27. Kg3 fxe6 28. Rxe6+ Kf7 29. Re4 Rd3+ 30. Kf4 Re8 31. a4 Be3+ 0-1

[Event "BRA-ch Amateur U2000"]
[Site "Sao Paulo"]
[Date "2016.05.26"]
[Round "1"]
[White "Farias, Jose Nogueira de"]
[Black "Arruda Filho, Ivo Pereira de"]
[Result "1/2-1/2"]
[WhiteElo "1941"]
[BlackElo "1827"]
[PlyCount "34"]
[EventDate "2016.05.26"]
[EventType "swiss"]
[EventRounds "7"]
[EventCountry "BRA"]
[SourceTitle "EXT 2019"]
[Source "ChessBase"]
[SourceDate "2018.10.10"]
[SourceVersion "1"]
[SourceVersionDate "2018.10.10"]
[SourceQuality "1"]

1. e4 c6 2. d4 d5 3. exd5 cxd5 4. c4 Nc6 5. Nc3 dxc4 6. d5 Ne5 7. Bf4 Nd3+ 8. Bxd3 cxd3 9. Qxd3 a6 10. Nf3 Nf6 11. 0-0 e6 12. Rfe1 Be7 13. Rad1 exd5 14. Nxd5 Nxd5 15. Qxd5 Qxd5 16. Rxd5 Be6 17. Rdd1 0-0 1/2-1/2

[Event "BRA-ch Amateur U2000"]
[Site "Sao Paulo"]
[Date "2016.05.26"]
[Round "2"]
[White "Lunelli, Neuri Antonio"]
[Black "Farias, Jose Nogueira de"]
[Result "0-1"]
[WhiteElo "1800"]
[BlackElo "1941"]
[PlyCount "110"]
[EventDate "2016.05.26"]
[EventType "swiss"]
[EventRounds "7"]
[EventCountry "BRA"]
[SourceTitle "EXT 2019"]
[Source "ChessBase"]
[SourceDate "2018.10.10"]
[SourceVersion "1"]
[SourceVersionDate "2018.10.10"]
[SourceQuality "1"]

1. d4 Nf6 2. Nf3 d5 3. g3 c5 4. e3 Nc6 5. Bg2 Bg4 6. 0-0 e5 7. h3 Bxf3 8. Bxf3 cxd4 9. exd4 Nxd4 10. Bg2 Nc6 11. c4 d4 12. Re1 Nd7 13. Bxc6 bxc6 14. Qxd4 Be7 15. Qg4 0-0 16. Bh6 Bf6 17. Nc3 Nc5 18. b4 Qd4 19. bxc5 Qxc3 20. Rad1 Rad8 21. Kg2 Rd4 22. Rxd4 exd4 23. Rc1 Qa5 24. Qf5 Qxa2 25. Bf4 Qa3 26. Rd1 Qb3 27. Rd3 Qxc4 28. Bd6 Rd8 29. g4 h6 30. Ra3 a6 31. Qd3 Qxd3 32. Rxd3 g6 33. Kf3 Rd7 34. Ra3 Be7 35. Bxe7 Rxe7 36. Rxa6 Re6 37. Ra8+ Kg7 38. Rd8 Re5 39. Rxd4 Rxc5 40. h4 Kf6 41. Ke4 Re5+ 42. Kf4 g5+ 43. hxg5+ hxg5+ 44. Kg3 Rd5 45. Rc4 c5 46. f4 gxf4+ 47. Rxf4+ Ke6 48. Kf3 Rd4 49. Rxd4 cxd4 50. Ke4 Kf6 51. Kxd4 Kg5 52. Ke3 Kxg4 53. Kf2 Kf4 54. Kg2 Ke3 55. Kf1 f5 0-1

[Event "Ponta Pora Caissa 1st"]
[Site "Ponta Pora"]
[Date "2016.04.08"]
[Round "6"]
[White "Farias, Jose Nogueira de"]
[Black "Gralha, Marcelo Ferreira"]
[Result "0-1"]
[WhiteElo "1956"]
[BlackElo "1984"]
[PlyCount "106"]
[EventDate "2016.04.01"]
[EventType "tourn"]
[EventRounds "9"]
[EventCountry "BRA"]
[SourceTitle "EXT 2022"]
[Source "ChessBase"]
[SourceDate "2021.10.06"]
[SourceVersion "1"]
[SourceVersionDate "2021.10.06"]
[SourceQuality "1"]

1. e4 c5 2. Nf3 e6 3. Nc3 a6 4. g3 Nc6 5. d4 cxd4 6. Nxd4 Qc7 7. a3 Nf6 8. Bg2 Be7 9. Be3 0-0 10. 0-0 b5 11. Nb3 Rb8 12. f4 d6 13. Qe2 Nd7 14. Nd4 Na5 15. Nd1 Nc4 16. Bf2 Bb7 17. c3 Rbc8 18. Ne3 Nxe3 19. Qxe3 Nf6 20. Qe2 Rfe8 21. h3 Bf8 22. Nb3 Qc4 23. Qxc4 bxc4 24. Nd2 e5 25. Rfe1 exf4 26. gxf4 Nh5 27. Be3 g6 28. Bf3 Nf6 29. Bd4 Nd7 30. Bg4 Re7 31. e5 h5 32. Bxd7 Rxd7 33. exd6 Bxd6 34. Ne4 Bxe4 35. Rxe4 Rb7 36. f5 gxf5 37. Re2 Bc5 38. Bxc5 Rxc5 39. Rae1 Kg7 40. Rd1 Rb6 41. Kf2 Kf6 42. Kf3 Rcb5 43. Rdd2 h4 44. Kf4 a5 45. a4 Rc5 46. Rd8 Re6 47. Red2 Re4+ 48. Kf3 Rce5 49. R2d4 Re3+ 50. Kf4 Rxh3 51. Rxc4 Rg3 52. Rc6+ Re6 53. Rc5 Re4# 0-1

[Event "Ponta Pora Caissa 1st"]
[Site "Ponta Pora"]
[Date "2016.04.03"]
[Round "5"]
[White "Lopes, Marcelo Ferreira"]
[Black "Farias, Jose Nogueira de"]
[Result "1/2-1/2"]
[WhiteElo "2021"]
[BlackElo "1956"]
[PlyCount "74"]
[EventDate "2016.04.01"]
[EventType "tourn"]
[EventRounds "9"]
[EventCountry "BRA"]
[SourceTitle "EXT 2022"]
[Source "ChessBase"]
[SourceDate "2021.10.06"]
[SourceVersion "1"]
[SourceVersionDate "2021.10.06"]
[SourceQuality "1"]

1. e4 e5 2. Nf3 Nf6 3. Nxe5 d6 4. Nf3 Nxe4 5. d4 d5 6. Bd3 Bd6 7. 0-0 0-0 8. Nc3 Nxc3 9. bxc3 Bg4 10. c4 dxc4 11. Bxc4 Qf6 12. Be2 h6 13. h3 Bf5 14. c4 Re8 15. Be3 Nc6 16. Bd3 Rad8 17. Bxf5 Qxf5 18. Qb1 Qxb1 19. Raxb1 b6 20. c5 Bf8 21. Rfc1 bxc5 22. dxc5 Rb8 23. Kf1 a6 24. Rb3 a5 25. Bf4 Rxb3 26. axb3 Rb8 27. Bxc7 Rxb3 28. Ne5 Rb7 29. Bd6 Bxd6 30. Nxc6 Bc7 31. Ne7+ Kf8 32. Nd5 a4 33. c6 Ra7 34. Nc3 Ra5 35. Na2 Rb5 36. Rd1 Rc5 37. Nb4 Rc4 1/2-1/2

[Event "Campo Grande Brasil op"]
[Site "Campo Grande"]
[Date "2015.10.12"]
[Round "6"]
[White "Gralha, Marcelo Ferreira"]
[Black "Farias, Jose Nogueira de"]
[Result "1/2-1/2"]
[WhiteElo "2042"]
[BlackElo "1948"]
[PlyCount "64"]
[EventDate "2015.10.09"]
[EventType "swiss"]
[EventRounds "7"]
[EventCountry "BRA"]
[SourceTitle "CBM 168 Extra"]
[Source "ChessBase"]
[SourceDate "2015.10.29"]
[SourceVersion "1"]
[SourceVersionDate "2015.10.29"]
[SourceQuality "1"]

1. Nf3 Nf6 2. d4 g6 3. Bf4 Bg7 4. e3 d6 5. h3 Nbd7 6. Be2 0-0 7. 0-0 Nh5 8. Bh2 e5 9. dxe5 dxe5 10. Nc3 Re8 11. g4 Nhf6 12. Nxe5 Nxe5 13. Qxd8 Rxd8 14. Bxe5 c6 15. Rad1 Be6 16. Rxd8+ Rxd8 17. Rd1 Rxd1+ 18. Bxd1 Nd5 19. Bxg7 Kxg7 20. Nxd5 Bxd5 21. a3 Kf6 22. f4 h6 23. Kf2 Ke6 24. Be2 c5 25. Bf3 b5 26. e4 Bc6 27. b4 c4 28. Ke3 f6 29. Kd4 g5 30. fxg5 hxg5 31. Be2 Kd6 32. Bf1 Bd7 1/2-1/2

[Event "Pocos de Caldas op"]
[Site "Pocos de Caldas"]
[Date "2015.03.15"]
[Round "6"]
[White "Pires, Marcos Vinicius Tor"]
[Black "Farias, Jose Nogueira de"]
[Result "1-0"]
[WhiteElo "2268"]
[BlackElo "1922"]
[PlyCount "67"]
[EventDate "2015.03.13"]
[EventType "swiss"]
[EventRounds "6"]
[EventCountry "BRA"]
[SourceTitle "CBM 165 Extra"]
[Source "ChessBase"]
[SourceDate "2015.04.21"]
[SourceVersion "1"]
[SourceVersionDate "2015.04.21"]
[SourceQuality "1"]

1. Nf3 Nf6 2. c4 g6 3. Nc3 Bg7 4. e4 d6 5. d4 0-0 6. Be2 Nbd7 7. 0-0 e5 8. Be3 h6 9. dxe5 Ng4 10. Bd2 Ndxe5 11. Nxe5 dxe5 12. Qc1 Kh7 13. Be3 c6 14. Rd1 Qe7 15. c5 f5 16. f3 f4 17. Bf2 Nf6 18. Nb1 g5 19. Nd2 Be6 20. Bc4 Rfd8 21. Qc3 Ne8 22. Bxe6 Qxe6 23. Nc4 Qe7 24. Qc2 Bf6 25. b4 Qe6 26. Na5 Qe7 27. a4 h5 28. b5 cxb5 29. axb5 Qc7 30. Nb3 Be7 31. Qc3 g4 32. Rd5 Bf6 33. Rad1 Rxd5 34. exd5 1-0